| 000 | 00860nam a22002897a 4500 | ||
|---|---|---|---|
| 003 | CHAP | ||
| 005 | 20220329135031.0 | ||
| 008 | 971013s1988 r 00010 d | ||
| 010 | _a29870 | ||
| 011 | _a30842 | ||
| 035 | _a34954 | ||
| 040 | _cCHAP | ||
| 090 | _aFolleto 11601 | ||
| 100 | 0 | 0 |
_aMalagamba, Patricio. _969981 |
| 245 |
_aTrue potato seed _b: past and present uses |
||
| 260 |
_aLima : _bInternational Potato Center, _c1988 |
||
| 300 |
_a40 p. _b: ilus |
||
| 590 |
_aBATCH-UPD _b10 _c20130110 _lUCH01 _h1545 |
||
| 590 |
_aBATCH-UPD _b10 _c20130410 _lUCH01 _h0945 |
||
| 590 |
_aBATCH-UPD _b10 _c20130914 _lUCH01 _h1740 |
||
| 590 |
_aCONVERSION _b10 _c20130109 _lUCH01 _h1317 |
||
| 650 | 1 | 4 |
_aPapa _xSemilla. _985288 |
| 700 | 0 |
_aMonares, AnĂbal. _977456 |
|
| 901 | _aBK | ||
| 942 | _cFOLL | ||
| 949 |
_aFolleto 11601 _bBC _cFOLL _d-80758 _eTS1 _i34954 _mD _si |
||
| 999 |
_c29870 _d29870 |
||